The uneducated English / (Record no. 46364)
[ view plain ]
| 000 -LEADER | |
|---|---|
| fixed length control field | 00851nam a2200277 a 4500 |
| 001 - CONTROL NUMBER | |
| control field | 46364 |
| 003 - CONTROL NUMBER IDENTIFIER | |
| rucl marc code | BD-RjUL |
| 005 - DATE AND TIME OF LATEST TRANSACTION | |
| control field | 20211209054137.0 |
| 008 - FIXED-LENGTH DATA ELEMENTS--GENERAL INFORMATION | |
| fixed length control field | 160801s1969 enk b 001 0 eng |
| 020 ## - INTERNATIONAL STANDARD BOOK NUMBER | |
| International Standard Book Number | 0416129594 |
| 035 ## - SYSTEM CONTROL NUMBER | |
| System control number | (BD-RjUL)46482 |
| 040 ## - CATALOGING SOURCE | |
| Original cataloging agency | DLC |
| Transcribing agency | DLC |
| Modifying agency | BD-RjUL |
| Language of cataloging | eng |
| 041 ## - LANGUAGE CODE | |
| Language code of text/sound track or separate title | eng |
| 082 00 - DEWEY DECIMAL CLASSIFICATION NUMBER | |
| Classification number | 370.942 |
| Edition number | 23 |
| Author mark and year | WHU 1969 |
| 100 1# - MAIN ENTRY--PERSONAL NAME | |
| Personal name | Whiteley, Winifred M. |
| 9 (RLIN) | 141577 |
| 245 14 - TITLE STATEMENT | |
| Title | The uneducated English / |
| Statement of responsibility, etc. | [by] Winifred M. Whiteley. |
| 260 ## - PUBLICATION, DISTRIBUTION, ETC. (IMPRINT) | |
| Place of publication, distribution, etc. | London : |
| Name of publisher, distributor, etc. | Methuen, |
| Date of publication, distribution, etc. | c1969. |
| 300 ## - PHYSICAL DESCRIPTION | |
| Pagination | vii, 183 p. ; |
| Size | 22 cm. |
| 500 ## - GENERAL NOTE | |
| General note | "Distributed in the U.S.A. by Barnes & Noble." |
| 504 ## - BIBLIOGRAPHY, ETC. NOTE | |
| Bibliography, etc | Bibliography: p. 177-179. and index |
| 650 #0 - SUBJECT ADDED ENTRY--TOPICAL TERM | |
| Topical term or geographic name as entry element | Education |
| Geographic subdivision | Great Britain. |
| 9 (RLIN) | 141578 |
| Topical term or geographic name as entry element | Education |
| General subdivision | Aims and objectives. |
| 9 (RLIN) | 125546 |
| Topical term or geographic name as entry element | Educational sociology |
| Geographic subdivision | Great Britain. |
| 9 (RLIN) | 141579 |
| 942 ## - ADDED ENTRY ELEMENTS (KOHA) | |
| Source of classification or shelving scheme | Dewey Decimal Classification |
| Koha item type | Books |
| Lost status | Source of classification or shelving scheme | Damaged status | Not for loan | Collection code | Permanent Location | Current Location | Shelving location | Date acquired | Source of acquisition | Cost, normal purchase price | Total Checkouts | Full call number | Date last seen | Copy number | Koha item type |
|---|---|---|---|---|---|---|---|---|---|---|---|---|---|---|---|
| Dewey Decimal Classification | Non-fiction | Central Library, University of Rajshahi | Central Library, University of Rajshahi | 09/08/1972 | Book centre | 33.00 | 370.942 WHU 1969 | 01/08/2016 | C-2 | Books |